Загрузка...

Farm Communication Through Mass Media in the New Millennium

Библиографические подробности
Главные авторы: A.G. Sawant, G.K. Sawant
Формат: Printed Book
Язык:Undetermined
Опубликовано: Agrotech Publishing Academy 2006
Udaipur
Предметы:
LEADER 00651nam a2200229Ia 4500
008 141122s9999 xx 000 0 und d
040 |c . 
041 |a English 
082 |a 302.2 
082 |b SAW/FA 
100 |a A.G. Sawant 
100 |a G.K. Sawant 
245 |a Farm Communication Through Mass Media in the New Millennium 
245 |c A.G. Sawant 
260 |b Agrotech Publishing Academy 
260 |b Udaipur 
260 |c 2006 
300 |a 152 Pages 
650 |a  Extension 
942 |c BK 
999 |c 3893  |d 3893 
952 |0 0  |1 0  |4 0  |6 302_200000000000000_SAWFA  |7 0  |9 3853  |a COVAS  |b COVAS  |d 0000-00-00  |o 302.2 SAW/FA  |p 19662  |r 2014-11-26  |w 2014-11-26  |y BK